| 000 | 00715cam a2200277 i 4500 | ||
|---|---|---|---|
| 001 | 3715463 | ||
| 003 | NUST - PNEC | ||
| 005 | 20170116181152.0 | ||
| 008 | 800318s1979 pk 001 0 eng | ||
| 010 | _a 79930910 | ||
| 020 | _c- | ||
| 040 | _cLIBRARY | ||
| 043 | _aa-pk--- | ||
| 050 | 0 | 0 |
_aDS384 _b.Q73 |
| 082 | 0 | 0 | _a954.9105 QUR |
| 100 | 1 | _aQureshi, Ishtiaq Husain. | |
| 245 | 1 | 0 |
_aPerspectives of Islam and Pakistan / _cIshtiaq Husain Qureshi. |
| 250 | _a1st ed. | ||
| 260 |
_aKarachi : _bMa'aref, _c1979. |
||
| 300 |
_a222 p. ; _c23 cm. |
||
| 500 | _aIncludes index. | ||
| 650 | 0 |
_aIslam _zPakistan. |
|
| 650 | 0 | _aIslam. | |
| 651 | 0 |
_aPakistan _xPolitics and government. |
|
| 942 |
_2ddc _cBK |
||
| 999 |
_c71032 _d71032 |
||